Normal view
MARC view
- Kuo, Sen .M ,Gan, Woon-Seng
Entry Personal Name
001 - CONTROL NUMBER
- control field: 79482
003 - CONTROL NUMBER IDENTIFIER
- control field: NUST
005 - DATE AND TIME OF LATEST TRANSACTION
- control field: 20210628210450.0
008 - FIXED-LENGTH DATA ELEMENTS
- fixed length control field: 210628|| aca||aabn | a|a d
040 ## - CATALOGING SOURCE
- Original cataloging agency: NUST
- Transcribing agency: NUST
100 ## - HEADING--PERSONAL NAME
- Personal name: Kuo, Sen .M ,Gan, Woon-Seng
670 ## - SOURCE DATA FOUND
- Source citation: Work cat.: (NUST): Kuo, Sen .M ,Gan, Woon-Seng, Digital signal processing ,architectures, implementation and applications, 2005
